Tamaño de la fuerza laboral y desempleo oculto en la Argentina (Registro nro. 16322)

Detalles MARC
000 -LEADER
fixed length control field 00430 a2200133 4500
001 - CONTROL NUMBER
control field ART_3320
005 - DATE AND TIME OF LATEST TRANSACTION
control field 20260410161714.0
008 - FIXED-LENGTH DATA ELEMENTS--GENERAL INFORMATION
fixed length control field 260409a
100 1# - MAIN ENTRY--PERSONAL NAME
Personal name Sánchez, Carlos E.
245 10 - TITLE STATEMENT
Title Tamaño de la fuerza laboral y desempleo oculto en la Argentina
700 1# - ADDED ENTRY--PERSONAL NAME
Personal name Ferrero, Fernando
700 1# - ADDED ENTRY--PERSONAL NAME
Personal name Schulthess, Wálter E.
773 0# - HOST ITEM ENTRY
Title Desarrollo económico
Related parts - Vol. 19, Nº 74 (jul./sep. 1979)
Record control number REV1174

No hay ítems disponibles.